000 01464nam2a2200301 4500
001 RU\NLR\bibl\995373
005 20250614222615.0
010 _a5-98176-363-X
_9300
021 _aRU
_b2006-48883
_92425
035 _a(NLR Aleph) 000983142
090 _a471900
_c471900
100 _a20061011d2006 |||y0rusy50 ca
101 0 _arus
102 _aRU
105 _ay |||||||||
200 1 _aЯдерная физика. Физика конденсированных сред
210 _d2006
_aБ. м.
215 _a598 с.
320 _aИмен. указ.: с. 573-594
461 0 _1001RU\NLR\bibl\1005091
_12001#$aФизика и астрономия$v... в 2004 году, ч. 1
_9529248
_cМосква
_d2006
_fРос. фонд фундам. исслед.
_nНаучный мир
_oбиблиографический справочник : публикации по проектам РФФИ, завершенным ...
_tФизика и астрономия
_v... в 2004 году, ч. 1
517 0 _aФизика конденсированных сред
606 1 _aЯдерная физика
_jБиблиография
_91036345
_3RU\NLR\auth\6680492
606 1 _aКонденсированное состояние вещества
_jБиблиография
_xФизические свойства
_91366005
_3RU\NLR\auth\66571922
801 0 _aRU
_bNLR
_c20061011
_grcr
801 1 _aRU
_bNLR
_c20061011
942 _cBOOK
980 _aNB